| 000 | 00694nam a22001937a 4500 | ||
|---|---|---|---|
| 999 |
_c67246 _d67246 |
||
| 005 | 20220720074751.0 | ||
| 008 | s2555 th j tha d | ||
| 020 | _a9789740208945 | ||
| 040 | _aNALT | ||
| 090 |
_aSC _bน149อ 2555 |
||
| 100 | 0 |
_aนฆ ปักษนาวิน _923449 |
|
| 245 | 1 | 0 |
_aออกไปข้างใน / _cนฆ ปักษนาวิน |
| 260 |
_aกรุงเทพฯ : _bมติชน, _c2555. |
||
| 300 |
_a174 หน้า ; _b _c18 ซม. |
||
| 650 | 0 |
_aเรื่องสั้น _9460 |
|
| 850 | _aNALT | ||
| 942 |
_cSHT _2local |
||
| 998 |
_j _kCRON CRON |
||